BIBLIOTECA PODER JUDICIAL
Portal Judicial TDF

Escritos sobre la forma inicial del Estado / (Registro nro. 5429)

000 -LEADER
fixed length control field 01831nam a22002057a 4500
003 - CONTROL NUMBER IDENTIFIER
control field OSt
005 - DATE AND TIME OF LATEST TRANSACTION
control field 20250703135517.0
008 - FIXED-LENGTH DATA ELEMENTS--GENERAL INFORMATION
fixed length control field 180305b xxu||||| |||| 00| 0 spa d
020 ## - INTERNATIONAL STANDARD BOOK NUMBER
International Standard Book Number 9789505745470
040 ## - CATALOGING SOURCE
Transcribing agency PJ
100 ## - ASIENTO PRINCIPAL - NOMBRE DE PERSONA
Personal name Ferreyra, Raúl Gustavo
9 (RLIN) 907
245 10 - MENCIÓN DE TÍTULO
Título propiamente dicho Escritos sobre la forma inicial del Estado /
Mención de responsabilidad, etc Raúl Gustavo Ferreyra.
260 ## - PUBLICATION, DISTRIBUTION, ETC. (IMPRINT)
Place of publication, distribution, etc Ciudad Autónoma de Buenos Aires :
Name of publisher, distributor, etc Ediar,
Date of publication, distribution, etc 2025.
300 ## - DESCRIPCION FISICA
Extent 216 p.
Dimensions 22 cm.
504 ## - NOTA DE BIBLIOGRAFÍA, ETC.
Bibliography, etc Bibliografía: p. 195-210
505 ## - FORMATTED CONTENTS NOTE
Formatted contents note En este libro Raúl Gustavo Ferreyra aborda con rigor científico y profundidad una teoría general de la Constitución, desde un enfoque interno. Su mirada está puesta en América del Sud y sus urgentes realidades contemporáneas, aquejadas por los poderes globales y por un nuevo animal político el monopresidente, un mal que deforma los sistemas de gobierno constitucionales de la región. En torno a la determinada rigidez de la Ley fundamental, ofrece una interesante dogmática sobre el proceso de cambio constitucional, en especial en la Argentina y en Brasil. Al analizar la Constitución federal de la Argentina, plantea que su extensa duración y su doble rostro son los rasgos distintivos de uno de los textos políticos más antiguos del mundo, que ha sido puesto en jaque en varias oportunidades. Por su parte, la indagación sobre la fuerza normativa de la Constitución permite ubicar el problema central del instrumento: la discrepancia entre el mundo del ser y el mundo del deber ser. El libro concluye con un ensayo sobre las recientes tentativas para destruir el Estado argentino, en cuya demolición mucho tiene que ver el hecho maldito de los mal habidos decretos por razones de necesidad y urgencia.
650 #0 - ASIENTO SECUNDARIO DE MATERIA - TERMINO TEMATICO
9 (RLIN) 178
Topical term or geographic name as entry element DERECHO CONSTITUCIONAL
650 #0 - ASIENTO SECUNDARIO DE MATERIA - TERMINO TEMATICO
9 (RLIN) 5541
Topical term or geographic name as entry element ESTADO
942 ## - ADDED ENTRY ELEMENTS (KOHA)
Source of classification or shelving scheme
Koha item type Libros
Classification part 342.4
Item part FER

No hay ítems disponibles.

12 de Octubre 789 Ushuaia - Tel:  54(02901)441571
Horario de Atención: 8.00 a 17.00 hs. 
bibliotecaush@justierradelfuego.gov.ar
koha@justierradelfuego.gov.ar
Seguinos en nuestras redes @bibliojustdf 

Con tecnología Koha